000 01235nam a22003257i 4500
003 EG-GICUC
005 20260124172115.0
008 260124s1986 ua ||||fr|||| 00| 0 ara d
017 _a١٩٨٦/۷۳۳۹
040 _a EG-GICUC
_bara
_c EG-GICUC
_d EG-GICUC
_erda
041 0 _aara
082 0 4 _221
_a345.6231
_bم ح . ت
092 0 4 _221
099 _aLaw1 07 345.6231 م ح . ت 1 ed - 1986
100 0 _aمحمد فتوح محمد عثمان
_eمؤلف.
245 1 2 _aالتفويض في الإختصاصات الإدارية /
_cدكتور محمد فتوح محمد عثمان.
250 _aالطبعة الأولى
264 1 _aالقاهرة :
_bدار المنار،
_c1986.
300 _a271صفحة؛
_c24 سم.
336 _2rda content
_atext
337 _2rda media
_aComputer
338 _2rda carrier
_aOnline Resource
504 _aيشتمل على إرجاعات ببليوجرافية.
546 _aالنص أغلبه باللغة العربية مع بعض النصوص الفرنسية
650 1 4 _aالتفويض في الاختصاص
650 1 4 _aالقانون الإداري
856 4 0 _uhttps://fll.law.cu.edu.eg/fulltext/bks/B07-02341.pdf
905 _a32
942 _2ddc
_cBK
_e21
_n0
999 _c58960
_d58960